Further debate needed by all parties (Record no. 78284)
[ view plain ]
| 000 -LEADER | |
|---|---|
| fixed length control field | 01264cab a2200205 4500 |
| 001 - CONTROL NUMBER | |
| control field | ##L136428 |
| 008 - FIXED-LENGTH DATA ELEMENTS--GENERAL INFORMATION | |
| fixed length control field | 070130n2006 000 0 eng u |
| 035 ## - SYSTEM CONTROL NUMBER | |
| System control number | (Sirsi) u136428 |
| 041 0# - LANGUAGE CODE | |
| Language code of text/sound track or separate title | eng |
| 100 1# - MAIN ENTRY--PERSONAL NAME | |
| Personal name | Stell, Patrick |
| 245 00 - TITLE STATEMENT | |
| Title | Further debate needed by all parties |
| 260 ## - PUBLICATION, DISTRIBUTION, ETC. | |
| Date of publication, distribution, etc. | 2006 |
| 490 #0 - SERIES STATEMENT | |
| Series statement | Estates Gazette |
| Volume/sequential designation | (0645) 11 November 2006, 185(1) |
| 520 ## - SUMMARY, ETC. | |
| Summary, etc. | Discusses the revised PLA dilapidations protocol (E135069), querying why the Department of Constitutional Affairs (DCA) has not yet adopted it and highlighting continuing problems for commercial landlords and tenants, their surveyors and lawyers. Proposes a number of changes that may encourage its adoption, including joint appointments, joint site meetings with landlord and tenant surveyors at the start of the claim, using a third surveyor, and formalisation of the dilapidations resolution process within the lease. Concludes that dilapidations surveyors should continue to debate the content and effect of the protocol prior to the DCA approving it. |
| 590 ## - LOCAL NOTE (RLIN) | |
| Local note | KA |
| 650 24 - SUBJECT ADDED ENTRY--TOPICAL TERM | |
| Topical term or geographic name entry element | PROPERTY LITIGATION ASSOCIATION PROTOCOL FOR TERMINAL DILAPIDATIONS CLAIMS FOR DAMAGES |
| 651 #4 - SUBJECT ADDED ENTRY--GEOGRAPHIC NAME | |
| Geographic name | England and Wales |
| Chronological subdivision | 1543- |
| 690 ## - LOCAL SUBJECT ADDED ENTRY--TOPICAL TERM (OCLC, RLIN) | |
| Topical term or geographic name as entry element | PROPERTY-LANDLORD AND TENANT-DILAPIDATIONS |
| 942 ## - ADDED ENTRY ELEMENTS (KOHA) | |
| Suppress in OPAC | 0 |
| Withdrawn status | Lost status | Source of classification or shelving scheme | Damaged status | Not for loan | Home library | Current library | Shelving location | Date acquired | Total Checkouts | Full call number | Barcode | Date last seen | Copy number | Price effective from | Koha item type |
|---|---|---|---|---|---|---|---|---|---|---|---|---|---|---|---|
| Dewey Decimal Classification | London | London | Journal article | 30/01/2007 | L136428 | 136428-1001 | 06/08/2019 | 1 | 06/08/2019 | Journal article |